000 00484nam a2200169Ia 4500
005 20250923145916.0
008 008 250917s9999 xx 000 0 eng d
037 _aTextual
040 _aDSWL
_beng
_cDSWL
041 _aeng
_2eng
084 _aY:45m2,N53, N94
_qDSWL
245 0 _aCrime in India - 1992
_c by National Crime Records Bureau
260 _aNew Delhi
_bAuthor
_c1994
300 _a335p.
942 _cTEXL
_hY:45m2,N53, N94
999 _c1457208
_d1457208